ՀՀ Գիտությունների ազգային ակադեմիայի հիմնարար գիտական գրադարան  =   Fundamental Scientific Library of NAS RA

Синтаксономия, экология и динамика рудеральных сообществ Башкирии / (Record no. 184580)

MARC details
000 -LEADER
fixed length control field 01396nam a2200265 u 4500
001 - CONTROL NUMBER
control field 000499242
003 - CONTROL NUMBER IDENTIFIER
control field AM-YeHGA
005 - DATE AND TIME OF LATEST TRANSACTION
control field 20250617134603.0
008 - FIXED-LENGTH DATA ELEMENTS--GENERAL INFORMATION
fixed length control field 060908s1988 ||| r 000 0 rus d
040 ## - CATALOGING SOURCE
Original cataloging agency AM-YeHGA
041 0# - LANGUAGE CODE
Language code of text/sound track or separate title rus
090 ## - LOCALLY ASSIGNED LC-TYPE CALL NUMBER (OCLC); LOCAL CALL NUMBER (RLIN)
-- 186035
245 00 - TITLE STATEMENT
Title Синтаксономия, экология и динамика рудеральных сообществ Башкирии /
Statement of responsibility, etc. А.Р. Ишбирдин, Б.М. Миркин, А.И. Соломещ, М.Т. Саханов; Башк. науч. центр Урал. отд-ния АН СССР, Ин-т биологии.
260 ## - PUBLICATION, DISTRIBUTION, ETC.
Place of publication, distribution, etc. Уфа :
Name of publisher, distributor, etc. Б. и.,
Date of publication, distribution, etc. 1988.
300 ## - PHYSICAL DESCRIPTION
Extent 161 с. :
Other physical details табл.
504 ## - BIBLIOGRAPHY, ETC. NOTE
Bibliography, etc. note Библиогр.: с. 157-160
653 0# - INDEX TERM--UNCONTROLLED
Uncontrolled term Ботаника - Экология растений - Эволюционная экология - Экологические типы растений
653 0# - INDEX TERM--UNCONTROLLED
Uncontrolled term Эколого-флористическая классификация рудеральной растительности Башкирии
700 1# - ADDED ENTRY--PERSONAL NAME
Personal name Ишбирдин, А.Р.
700 1# - ADDED ENTRY--PERSONAL NAME
Personal name Миркин, Б.М.
700 1# - ADDED ENTRY--PERSONAL NAME
Personal name Соломещ, А.И.
700 1# - ADDED ENTRY--PERSONAL NAME
Personal name Саханов, М.Т.
710 2# - ADDED ENTRY--CORPORATE NAME
Corporate name or jurisdiction name as entry element Академия наук СССР
Subordinate unit Башкирский научный центр
-- Уральское отделение
710 2# - ADDED ENTRY--CORPORATE NAME
Corporate name or jurisdiction name as entry element Институт биологии УрО АН СССР
Holdings
Withdrawn status Lost status Damaged status Not for loan Collection Home library Current library Date acquired Total checkouts Full call number Barcode Date last seen Price effective from Koha item type Public note
        General Fundamental Scientific Library Fundamental Scientific Library 28/12/2016   581.524 120605385 28/12/2016 28/12/2016 Գրքեր / Books 30 Days Loan
        General Fundamental Scientific Library Fundamental Scientific Library 28/12/2016   581.524 120606784 28/12/2016 28/12/2016 Գրքեր / Books 30 Days Loan


ՀՀ ԳԱԱ հիմնարար գիտական գրադարան
ՀՀ,Երևան 0019
Մարշալ Բաղրամյան 24/6
հեռախոս:(374-10) 52-47-50
Հետադարձ կապ

All site content, except where otherwise noted, is licensed under a
Creative Commons License